000 00839nam a22002417a 4500
999 _c10004
_d10004
003 AR-CdUCM
008 190329b ||||| |||| 00| 0 spa d
040 _aMUNICIPALIDAD PROVINCIAL DEL CUSCO
_cBIBLIOTECA MUNICIPAL DEL CUSCO
041 _hfr
082 _aES / 800 /
_bV52
100 _aVerne. Julio
_910153
245 _aLa esfinge de los hielos /
260 _aBarcelona :
_bEditorial Molino,
300 _a223 páginas ;
_bIlustraciones,
_c19 cm.
440 _aColección Molino
_926559
505 _aContenido: En las islas Kerguelen -- La goleta Halbrane -- El capitán -- La isla del príncipe Eduardo -- La novela Poe...
650 _aAlan Poe
_926598
650 _aLiteratura universal
_9611
650 _aAventura
_91719
700 _aHuertas Ventosa, J. M. (traducción)
_926599
942 _2ddc
_cLIBROS
945 _adavv